Revista Memoria (Registro nro. 304770)

Detalles MARC
000 -ENCABEZADO
Número de control [NR] 00914nam a2200205 4500
005 - FECHA Y HORA DE LA ÚLTIMA TRANSACCIÓN
control field 20160926150047.0
008 - DE LONGITUD FIJA DE DATOS DE ELEMENTOS - INFORMACIÓN GENERAL
Elementos de longitud fija [NR] 160926k19972006ck a|||| |||| 00| 0 spa d
022 ## - NUMERO INTERNACIONAL NORMALIZADO PARA PUBLICACIONES SERIADAS
Número Internacional Normalizado para Publicaciones Seriadas [NR] 01230336
040 ## - FUENTE DE CATALOGACION [NR]
Agencia de catalogación original [NR] CO-BoUCM
Idioma de catalogación [NR] spa
Quien Cataloga Sandra Yazo
Quien Clasifica Sandra Yazo
041 0# - CODIGO DE IDIOMA [R]
Código de idioma para texto/pista de sonido o título separado [R] Español
082 0# - NUMERO DE CLASIFICACION DECIMAL DEWEY [R]
Número de la edición [NR] 20
Número de clasificación [R] 021
092 ## - SIGNATURA TOPOGRAFICA LOCAL
Número de clasificación local E63N073
110 2# - ASIENTO PRINCIPAL--NOMBRE CORPORATIVO [NR]
ID de autoridad 3870
Nombre corporativo o de jurisdicción como elemento de entrada [NR] Archivo General de la Nación (Colombia)
245 10 - MENCION DE TITULO [NR]
Título [NR] Revista Memoria
260 ## - PUBLICACION, DISTRIBUCION, ETC. (PIE DE IMPRENTA) [R]
Lugar de publicación, distribución, etc. [R] Bogotá (Colombia)
Nombre del editor, distribuidor, etc. [R] Archivo General de la Nación de Colombia
Fecha de publicación, distribución, etc. [R] 1997
300 ## - DESCRIPCION FISICA [R]
Extensión [R] 4 volumenes (199 ; 199 ; 225 ; 259 páginas)
Dimensiones [R] 24 x 17 cm.
500 ## - NOTA GENERAL [R]
Nota general [NR] Detalles físicos: Encuadernación flexible en cartulina. Tapas decoradas. Algunas notas al pie de páginas y al final de cada artículo. Ilustraciones entre el texto. Ejemplares en buen estado de conservación
505 0# - NOTA DE CONTENIDO CON FORMATO PREESTABLECIDO [R]
Nota de contenido con formato preestablecido [NR] Historia ; Archivística ; Documentos ; Reseñas ; Noticias institucionales
942 ## - ELEMENTOS DE ENTRADA AGREGADOS (KOHA)
Sistema de clasificación LOCAL
Tipo de ítem principal el descrito en 300a Libro
Edición 1
Clasificación E63N073
Existencias
Suprimido Perdido Sistema de clasificación Dañado No prestable Tipo de ítem específico Ubicación habitual Ubicación actual Localización Fecha de creación Forma de adquisición Costo Volúmen / Fascículo Total préstamos Signatura topográfica Código de barras Última vez visto Ejemplar Price effective from Tipo de ítem
    LOCAL     Libro archivo Archivo Histórico Archivo Histórico Archivo histórico 26/09/2016 Donación 0.00 1997-1   E63N073 L005901 26/09/2016 Ej.1 26/09/2016 Libro
    LOCAL     Libro archivo Archivo Histórico Archivo Histórico Archivo histórico 26/09/2016 Donación 0.00 1997-2   E63N073 L005902 26/09/2016 Ej.1 26/09/2016 Libro
    LOCAL     Libro archivo Archivo Histórico Archivo Histórico Archivo histórico 26/09/2016 Donación 0.00 No.8   E63N073 L005903 26/09/2016 Ej.1 26/09/2016 Libro
    LOCAL     Libro archivo Archivo Histórico Archivo Histórico Archivo histórico 26/09/2016 Donación 0.00 No.13   E63N073 L005904 26/09/2016 Ej.1 26/09/2016 Libro